| 000 | 00962nam a2200253 a 4500 | ||
|---|---|---|---|
| 001 | BRCA_853 | ||
| 005 | 20190320203158.0 | ||
| 008 | 841113s1979 mx-a---##b---#000-0#spa-# | ||
| 020 | _a9681603451 | ||
| 040 |
_aDLC _cDLC _dDLC |
||
| 041 | _aspaeng | ||
| 050 | 4 |
_aHD9536.M4 _b.H33 1979 |
|
| 100 | 1 |
_aHadley, Phillip Lance _92846 |
|
| 245 | 1 | 0 |
_aMinería y sociedad en el centro minero de Santa Eulalia, Chihuahua, 1709-1750 _cPhillip L. Hadley ; traducción de Roberto Gómez Ciriza. |
| 260 |
_aMéxico _bFCE _c1979 |
||
| 300 |
_a241 p. _bil. _c21 cm. |
||
| 440 | 0 |
_aSección de obras de historia _92847 |
|
| 500 | _aIncluye índice de cuadros e índice de mapas | ||
| 500 | _aTraducción de : Mining and Society in the Santa Eulalia Mining Complex, Chihuahua, México, 1709-1750 | ||
| 504 | _aBibliografía: p. 230-235 | ||
| 650 | 1 | 4 |
_aMinas de plata _zMéxico _92848 |
| 651 | 4 |
_aSanta Eulalia _xCondiciones sociales _zChihuahua, México _92849 |
|
| 942 |
_2lcc _cB |
||
| 999 |
_c748 _d748 |
||